000 02325ncm0a2200421 4500
001 RU\NLR\ONIZ\197993
005 20250624194657.0
035 _a(NLR Aleph) 010888623
071 2 0 _aс 3824 к
090 _a10539435
_c10539435
100 _a20140414d2003 |||y0rusy50 ca
101 0 _aeng
_arus
102 _aRU
125 _azx
128 _asn
145 0 _ab
200 1 _aСоната
_bНоты
_dSonata
_eдля скрипки и фп.
_fС. Поддубный
_zeng
210 _aСанкт-Петербург
_cКомпозитор - Санкт-Петербург
_dcop. 2003
215 _a19 с., 1 парт. (7 с.)
_d30 см
300 _aПеред нот. текстом: Посвящаяется Павлу Попову
313 _aСистематизация документа проведена по изданию - Методика классифицирования музыкальных произведений (нотных изданий) по таблицам Библиотечно-библиографических классификаций : метод. рекомендации / Гос. б-ка СССР им. В.И. Ленина.- М., 1977. Индексу ББК методических рекомендаций присваивается код ББК для научных библиотек - LBC/SL
316 _6b11899
_aНа с. 1экз. с шифром 986/428: автогр. композитора
_5NLR
606 1 _aСкрипичная музыка
_yРоссия
_z20-21 вв.
_jНоты
_2nlr_sh
608 _aСонаты (скрипка и фп.)
_xНоты
_yРоссия
_z20-21 вв.
_2nlr_sh
686 _aЩ955.4-42-041(2Р=Р)
_vLBC/SL
_2rubbk
700 1 _9z01790
_aПоддубный
_bС. Н.
_f1954-
_gСергей Николаевич
_4230
_7ca
702 1 _9z02790
_aПопов
_bП. В.
_f1975-
_gПавел Владимирович
_4280
790 1 _9z01700
_aPoddubnyj
_bS. N.
_f1954-
_gSergej Nikolaevič
_4230
_7ba
790 1 _9z02702
_aPopov
_bP. V.
_f1975-
_gPavel Vladimirovich
_4280
801 0 _aRU
_bNLR
_c20140414
_gPSBO
801 1 _aRU
_bNLR
_c20140414
_2rusmarc
801 2 _aRU
_bNLR
_c20151123
852 _6b11316
_aNLR
_bМ
_j986/428
_p278953
_t1
852 _aNLR
_bМ
_jК-3/27754
_p257727
_t2
942 _cSCORE
980 _aNB
980 _aONIZ